000 02046nam0a2200373 4500
001 RU\NLR\bibl\1490332
005 20260405195615.0
010 _a978-5-8064-1444-2
_9400
021 _aRU
_b2010-15729
_91047
035 _a(NLR Aleph) 001481908
090 _a1708860
_c1708860
100 _a20100325d2009 |||y0rusy50 ca
101 0 _arus
_eeng
102 _aRU
105 _aa |||||||||
200 1 _aДонные отложения озер: палеолимнологические реконструкции
_dLake semiments: paleolimnological reconstructions
_fД.А. Субетто
_gРос. акад. наук, Ин-т озероведения [и др.]
_zeng
210 _aСанкт-Петербург
_cИзд-во РГПУ
_d2009
215 _a342, [1] с., [6] л. цв. ил., карт.
_cил., карт.
_d21
300 _aВ надзаг. также: Рус. геогр. о-во, Палеолимнол. комис., Рос. гос. пед. ун-т им. А.И. Герцена
300 _aАвт. также на англ. яз.: Dmitry A. Subetto
300 _aНа 4-й с. обл. авт.: Д.А. Субетто, д.геогр.н.
320 _aБиблиогр.: с. 305-339 (583 назв.)
320 _aДр. произведения авт. на 4-й с. обл.
510 0 _6z77790
_aLake semiments: paleolimnological reconstructions
_zeng
606 1 _aОзера
_xДонные отложения
_xПалеолимнологические исследования
_yРоссийская Федерация
_yЕвропейская часть
_yСевер
_92593030
_3RU\NLR\auth\661532260
686 _aД226.5(2Р31)
700 1 _4070
_8rus
_7ca
_aСубетто
_bД. А.
_gДмитрий Александрович
_3RU\NLR\auth\7787270
_970198
790 1 _4070
_8rus
_7ba
_aSubetto
_bD. A.
_gDmitrij Aleksandrovič
_3RU\NLR\auth\7787271
_970199
801 0 _aRU
_bNLR
_c20100325
_gRCR
801 1 _aRU
_bNLR
_c20100325
830 _aавт. по кн.
942 _cBOOK
980 _aNB